| 000 | 01793cam a2200337 a 4500 | ||
|---|---|---|---|
| 999 |
_c9395 _d9395 |
||
| 001 | 9395 | ||
| 003 | BD-JhCC | ||
| 005 | 20180313182647.0 | ||
| 008 | 810624s1981 caua b 001 0 eng | ||
| 020 | _a0803916736 | ||
| 020 | _a0803916744 (pbk.) | ||
| 035 | _a(BD-JhCC)9395 | ||
| 040 |
_aDLC _cDLC _dDLC _dBD-JhCC |
||
| 041 | _aeng | ||
| 050 | 0 | 0 |
_aJK1967 _b.A84 |
| 082 | 0 | 0 |
_a324.973092 _219 _bANA 1981 |
| 245 | 0 | 0 |
_aAnalyzing electoral history : _ba guide to the study of American voter behavior / _cedited by Jerome M. Clubb, William H. Flanigan, Nancy H. Zingale. |
| 260 |
_aBeverly Hills : _bSage Publications, _cc1981. |
||
| 300 |
_a310 p. : _bill. ; _c23 cm. |
||
| 490 | 0 |
_aSage focus editions ; _v33 |
|
| 504 | _aIncludes bibliographical references and index. | ||
| 505 | 0 | _aComputer-readable data sources / Michael W. Traugott, Jerome M. Clubb, and Erik W. Austin -- Printed sources / Walter Dean Burnham -- Aggregate units of analysis / Erik W. Austin, Jerome M. Clubb, and Michael W. Traugott -- Demographic and compositional change / Jerome M. Clubb, Erik W. Austin, and Michael W. Traugott -- Estimating voter participation / Ray M. Shortridge -- Vote fraud and data validity / Howard W. Allen and Kay Warren Allen -- Summarizing quantitative data / William H. Flanigan and Nancy H. Zingale -- Relationships among variables / William H. Flanigan and Nancy H. Zingale -- Group data and individual behavior / Gudmund R. Iversen. | |
| 650 | 0 |
_aVoting research _zUnited States. |
|
| 650 | 0 |
_aElections _zUnited States _xHistory. |
|
| 700 | 1 |
_aClubb, Jerome M., _d1928- |
|
| 700 | 1 | _aFlanigan, William H. | |
| 700 | 1 | _aZingale, Nancy H. | |
| 856 | 4 | 2 |
_3Publisher description _uhttp://www.loc.gov/catdir/enhancements/fy0660/81009162-d.html |
| 942 |
_2ddc _cBK |
||